<?xml version="1.0" encoding="UTF-8"?>
<record
    xmlns:xsi="http://www.w3.org/2001/XMLSchema-instance"
    xsi:schemaLocation="http://www.loc.gov/MARC21/slim http://www.loc.gov/standards/marcxml/schema/MARC21slim.xsd"
    xmlns="http://www.loc.gov/MARC21/slim">

  <leader>01459nam a2200421 a 4500</leader>
  <datafield tag="999" ind1=" " ind2=" ">
    <subfield code="c">23260</subfield>
    <subfield code="d">23260</subfield>
  </datafield>
  <controlfield tag="001">vtls008951029</controlfield>
  <controlfield tag="005">20220615113306.0</controlfield>
  <controlfield tag="008">160610s2007    xo dl  d p    000 0 slo  </controlfield>
  <datafield tag="020" ind1=" " ind2=" ">
    <subfield code="a">9788080781385</subfield>
    <subfield code="q">(bro&#x17E;.)</subfield>
  </datafield>
  <datafield tag="035" ind1=" " ind2=" ">
    <subfield code="a">4D3BB2BE-C380-406A-A0ED-1196B14A0334</subfield>
  </datafield>
  <datafield tag="035" ind1=" " ind2=" ">
    <subfield code="a">urn:nbn:sk:snk-aml4fv</subfield>
  </datafield>
  <datafield tag="035" ind1=" " ind2=" ">
    <subfield code="a">urn:nbn:sk:snk-am008wpg</subfield>
  </datafield>
  <datafield tag="040" ind1=" " ind2=" ">
    <subfield code="a">SVKPO</subfield>
    <subfield code="b">slo</subfield>
    <subfield code="c">SVKPO</subfield>
    <subfield code="d">SNK</subfield>
    <subfield code="e">AACR2</subfield>
  </datafield>
  <datafield tag="041" ind1="0" ind2=" ">
    <subfield code="a">slo</subfield>
  </datafield>
  <datafield tag="044" ind1=" " ind2=" ">
    <subfield code="a">xo</subfield>
    <subfield code="c">SK</subfield>
  </datafield>
  <datafield tag="072" ind1=" " ind2="7">
    <subfield code="a">658</subfield>
    <subfield code="x">Riadenie a spr&#xE1;va podniku</subfield>
    <subfield code="2">konspekt</subfield>
  </datafield>
  <datafield tag="080" ind1=" " ind2=" ">
    <subfield code="a">658</subfield>
    <subfield code="2">2001</subfield>
  </datafield>
  <datafield tag="080" ind1=" " ind2=" ">
    <subfield code="a">(075.8)</subfield>
    <subfield code="2">2001</subfield>
  </datafield>
  <datafield tag="080" ind1=" " ind2=" ">
    <subfield code="a">(076.5)</subfield>
    <subfield code="2">2001</subfield>
  </datafield>
  <datafield tag="100" ind1="1" ind2=" ">
    <subfield code="a">Majd&#xFA;chov&#xE1;, Helena,</subfield>
    <subfield code="d">1963-</subfield>
    <subfield code="4">aut</subfield>
    <subfield code="9">3132</subfield>
  </datafield>
  <datafield tag="245" ind1="1" ind2="0">
    <subfield code="a">Podnikov&#xE9; hospod&#xE1;rstvo</subfield>
    <subfield code="b">praktick&#xE9; pr&#xED;klady a pr&#xED;padov&#xE9; &#x161;t&#xFA;die</subfield>
    <subfield code="c">Helena Majd&#xFA;chov&#xE1; a kolekt&#xED;v</subfield>
  </datafield>
  <datafield tag="250" ind1=" " ind2=" ">
    <subfield code="a">1. vyd.</subfield>
  </datafield>
  <datafield tag="260" ind1=" " ind2=" ">
    <subfield code="a">Bratislava</subfield>
    <subfield code="b">Iura edition</subfield>
    <subfield code="c">2007</subfield>
  </datafield>
  <datafield tag="300" ind1=" " ind2=" ">
    <subfield code="a">226 s.</subfield>
    <subfield code="b">grafy, tab.</subfield>
    <subfield code="c">21 cm</subfield>
  </datafield>
  <datafield tag="490" ind1="1" ind2=" ">
    <subfield code="a">Ekon&#xF3;mia</subfield>
    <subfield code="v">203</subfield>
  </datafield>
  <datafield tag="500" ind1=" " ind2=" ">
    <subfield code="a">Celkovo 3. preprac. a dopl. vyd.</subfield>
  </datafield>
  <datafield tag="650" ind1="0" ind2="7">
    <subfield code="a">podnikov&#xE1; ekonomika</subfield>
    <subfield code="2">SNKPH</subfield>
    <subfield code="9">3133</subfield>
  </datafield>
  <datafield tag="655" ind1=" " ind2="7">
    <subfield code="a">u&#x10D;ebnice vysok&#xFD;ch &#x161;k&#xF4;l</subfield>
    <subfield code="2">SNKPH</subfield>
    <subfield code="9">3091</subfield>
  </datafield>
  <datafield tag="655" ind1=" " ind2="7">
    <subfield code="a">praktick&#xE9; cvi&#x10D;enia</subfield>
    <subfield code="2">SNKPH</subfield>
    <subfield code="9">3123</subfield>
  </datafield>
  <datafield tag="700" ind1="1" ind2=" ">
    <subfield code="a">Neumannov&#xE1;, Anna,</subfield>
    <subfield code="d">1960-</subfield>
    <subfield code="4">aut</subfield>
    <subfield code="9">3134</subfield>
  </datafield>
  <datafield tag="700" ind1="1" ind2=" ">
    <subfield code="a">Gran&#x10D;i&#x10D;ov&#xE1;, Katar&#xED;na,</subfield>
    <subfield code="d">1967-</subfield>
    <subfield code="4">aut</subfield>
    <subfield code="9">3135</subfield>
  </datafield>
  <datafield tag="700" ind1="1" ind2=" ">
    <subfield code="a">Ryb&#xE1;rov&#xE1;, Daniela,</subfield>
    <subfield code="d">1967-</subfield>
    <subfield code="4">aut</subfield>
    <subfield code="9">3136</subfield>
  </datafield>
  <datafield tag="700" ind1="1" ind2=" ">
    <subfield code="a">Serina, Pavol</subfield>
    <subfield code="4">aut</subfield>
    <subfield code="9">3137</subfield>
  </datafield>
  <datafield tag="700" ind1="1" ind2=" ">
    <subfield code="a">Kov&#xE1;&#x10D;ov&#xE1;, Eva</subfield>
    <subfield code="4">aut</subfield>
    <subfield code="9">3138</subfield>
  </datafield>
  <datafield tag="700" ind1="1" ind2=" ">
    <subfield code="a">Jakubec, Miroslav</subfield>
    <subfield code="4">aut</subfield>
    <subfield code="9">3139</subfield>
  </datafield>
  <datafield tag="700" ind1="1" ind2=" ">
    <subfield code="a">Kardo&#x161;, Peter,</subfield>
    <subfield code="d">1978-</subfield>
    <subfield code="4">aut</subfield>
    <subfield code="9">3140</subfield>
  </datafield>
  <datafield tag="958" ind1=" " ind2=" ">
    <subfield code="a">NB</subfield>
  </datafield>
  <datafield tag="952" ind1=" " ind2=" ">
    <subfield code="0">0</subfield>
    <subfield code="1">0</subfield>
    <subfield code="2">udc</subfield>
    <subfield code="4">0</subfield>
    <subfield code="7">0</subfield>
    <subfield code="8">D</subfield>
    <subfield code="a">10000</subfield>
    <subfield code="b">10000</subfield>
    <subfield code="d">2022-06-15</subfield>
    <subfield code="i">21593</subfield>
    <subfield code="o">S1520</subfield>
    <subfield code="p">S1520</subfield>
    <subfield code="r">2022-06-15</subfield>
    <subfield code="w">2022-06-15</subfield>
    <subfield code="y">OLDO</subfield>
  </datafield>
</record>
